United Nations documents index. (Record no. 693483)

MARC details
000 -LEADER
fixed length control field 00775nam a2200265Ia 4500
003 - CONTROL NUMBER IDENTIFIER
control field OSt
005 - DATE AND TIME OF LATEST TRANSACTION
control field 20220927105626.0
008 - FIXED-LENGTH DATA ELEMENTS--GENERAL INFORMATION
fixed length control field 220926b |||||||| |||| 00| 0 eng d
020 ## - INTERNATIONAL STANDARD BOOK NUMBER
International Standard Book Number 9789211011562
037 ## - SOURCE OF ACQUISITION
Terms of availability Reference Collections
040 ## - CATALOGING SOURCE
Original cataloging agency RTL
Transcribing agency RTL
Language of cataloging eng
041 ## - LANGUAGE CODE
Source of code eng
Language code of text/sound track or separate title eng
110 ## - MAIN ENTRY--CORPORATE NAME
Corporate name or jurisdiction name as entry element UNITED NATIONS
245 #0 - TITLE STATEMENT
Title United Nations documents index.
260 ## - PUBLICATION, DISTRIBUTION, ETC.
Place of publication, distribution, etc. New
Name of publisher, distributor, etc. "York, United Nations, "
Date of publication, distribution, etc. 2008
300 ## - PHYSICAL DESCRIPTION
Extent "xxix, 741p"
Dimensions cm.
490 ## - SERIES STATEMENT
Volume/sequential designation 01494076: 2006- Vol. 9 No.3 Part 1- Documents and publications
700 ## - ADDED ENTRY--PERSONAL NAME
Personal name UNITED NATIONS
942 ## - ADDED ENTRY ELEMENTS (KOHA)
Classification part "m1N45,P06, P8.9;3/UN"
Koha item type
Holdings
Withdrawn status Lost status Damaged status Not for loan Home library Current library Date acquired Serial Enumeration / chronology Total Checkouts Full call number Barcode Date last seen Price effective from Koha item type
        Ratan Tata Library Ratan Tata Library 2022-09-27 01494076: 2006- Vol. 9 No.3 Part 1- Documents and publications   "m1N45,P06 P8.9;3/UN" RT1494076 2022-09-27 2022-09-27  
Copyright @ Delhi University Library System